ბათუმის შოთა რუსთაველის სახელმწიფო უნივერსიტეტის ბიბლიოთეკა

Теоретическая электроника. (ბიბ.ჩანაწერი № 42622)

000 -LEADER
fixed length control field 00592nam a2200217Ia 4500
001 - CONTROL NUMBER
control field 9326
003 - CONTROL NUMBER IDENTIFIER
control field GE_BSU
008 - FIXED-LENGTH DATA ELEMENTS--GENERAL INFORMATION
fixed length control field 181216s||||||||xx |||||||||||||| ||und||
040 ## - CATALOGING SOURCE
Transcribing agency GE_BSU
080 ## - UNIVERSAL DECIMAL CLASSIFICATION NUMBER
Universal Decimal Classification number 621.3.01
100 ## - MAIN ENTRY--PERSONAL NAME
Personal name Мансуров,Н.Н. Попов,В.С.
245 ## - TITLE STATEMENT
Title Теоретическая электроника.
245 ## - TITLE STATEMENT
Statement of responsibility, etc. Ред.Е.Г.Рижин.
260 ## - PUBLICATION, DISTRIBUTION, ETC.
Place of publication, distribution, etc. М.
260 ## - PUBLICATION, DISTRIBUTION, ETC.
Name of publisher, distributor, etc. Энергия.
260 ## - PUBLICATION, DISTRIBUTION, ETC.
Date of publication, distribution, etc. 1968.
300 ## - PHYSICAL DESCRIPTION
Extent 576 стр. с илл. 22 см.
300 ## - PHYSICAL DESCRIPTION
Accompanying material табл.
653 ## - INDEX TERM--UNCONTROLLED
Uncontrolled term Теоретическая электроника.
942 ## - ADDED ENTRY ELEMENTS (KOHA)
Koha item type წიგნი
ეგზემპლარები
Withdrawn status Lost status Damaged status Not for loan Date acquired Barcode Date last seen Price effective from Koha item type
        2018-12-17 10696 2018-12-17 2018-12-17 წიგნი